Family Law

Uloženo v:
Podrobná bibliografie
Hlavní autor: Herring, Jonathan
Médium: Kniha
Jazyk:Undetermined
Vydáno: Great Britain Pearson Longman 2004
Témata:
Tagy: Přidat tag
Žádné tagy, Buďte první, kdo otaguje tento záznam!
Thư viện lưu trữ: Trung tâm Học liệu Trường Đại học Cần Thơ
LEADER 00511nam a2200205Ia 4500
001 CTU_87545
008 210402s9999 xx 000 0 und d
020 |c 647000 
082 |a 346.42015 
082 |b H567 
100 |a Herring, Jonathan 
245 0 |a Family Law 
245 0 |c Jonathan Herring 
260 |a Great Britain 
260 |b Pearson Longman 
260 |c 2004 
650 |a Domestic relations 
650 |z English 
904 |i Truc 
980 |a Trung tâm Học liệu Trường Đại học Cần Thơ